Painting in England 1500-1880 : (Record no. 8047)
[ view plain ]
| 000 -LEADER | |
|---|---|
| fixed length control field | 00846cam a2200277 a 4500 |
| 001 - CONTROL NUMBER | |
| JCCL Control Number | 8047 |
| 003 - CONTROL NUMBER IDENTIFIER | |
| JCCL marc code | BD-JhCC |
| 005 - DATE AND TIME OF LATEST TRANSACTION | |
| control field | 20180217190640.0 |
| 008 - FIXED-LENGTH DATA ELEMENTS--GENERAL INFORMATION | |
| fixed length control field | 870401r19651960enk 000 0 eng d |
| 035 ## - SYSTEM CONTROL NUMBER | |
| system control number | (BD-JhCC)8047 |
| 035 ## - SYSTEM CONTROL NUMBER | |
| system control number | 2367031 |
| 040 ## - CATALOGING SOURCE | |
| Original cataloging agency | ANL |
| Transcribing agency | ANL |
| Modifying agency | WCX |
| -- | BD-JhCC |
| 041 ## - LANGUAGE CODE | |
| Language code of Book | eng |
| 082 04 - DEWEY DECIMAL CLASSIFICATION NUMBER | |
| Classification number | 759.2 |
| Author mark and Year | PIP 1960 |
| 100 1# - MAIN ENTRY--PERSONAL NAME | |
| Personal name | Piper, David, |
| Titles and other words associated with a name | Sir, |
| Dates associated with a name | 1918- |
| 245 10 - TITLE STATEMENT | |
| Title | Painting in England 1500-1880 : |
| Remainder of title | an introduction / |
| Statement of responsibility, etc | by David Piper. |
| 250 ## - EDITION STATEMENT | |
| Edition statement | [New ed. |
| 260 ## - PUBLICATION, DISTRIBUTION, ETC. (IMPRINT) | |
| Place of publication, distribution, etc | Harmondsworth, Eng.] : |
| Name of publisher, distributor, etc | Penguin Books, |
| Date of publication, distribution, etc | [1965]. |
| 300 ## - PHYSICAL DESCRIPTION | |
| Pagination | 176 p. : |
| Other physical details | ill. ; |
| Dimensions | 20 cm. |
| 490 0# - SERIES STATEMENT | |
| Series statement | Pelican book A ; |
| Volume number/sequential designation | 708 |
| 500 ## - GENERAL NOTE | |
| General note | First published in 1960 by the Book Society with title: Painting in England, 1500-1870. |
| 650 #0 - SUBJECT ADDED ENTRY--TOPICAL TERM | |
| Topical term or geographic name as entry element | Painters, English. |
| 650 #0 - SUBJECT ADDED ENTRY--TOPICAL TERM | |
| Topical term or geographic name as entry element | Painting |
| Geographic subdivision | England |
| General subdivision | History. |
| 942 ## - ADDED ENTRY ELEMENTS (KOHA) | |
| Source of classification or shelving scheme | Dewey Decimal Classification |
| Koha item type | Books |
| Source of classification or shelving scheme | Damaged status | Not for loan | Home library | Current library | Shelving location | Total Checkouts | Full call number | Barcode | Date last seen | Copy number | Koha item type |
|---|---|---|---|---|---|---|---|---|---|---|---|
| Dewey Decimal Classification | JCC Rouf Library | JCC Rouf Library | General Stacks | 759.2 PIP 1960 | 10652 | 02/17/2018 | C - 1 | Books |